WWF WrestleMania 13 Match Card - Statistics

General Stats
  • This quiz has been taken 32 times
  • The average score is 23 of 28
Answer Stats
Match type Wrestler % Correct
No Disqualification Submission Bret Hart
100%
Tag team Owen Hart
100%
Chicago Street Fight Ahmed Johnson
96%
Chicago Street Fight Animal
96%
Chicago Street Fight Faarooq
96%
Chicago Street Fight Hawk
96%
Tag team Mankind
96%
Singles Rocky Maivia
96%
No Disqualification Submission "Stone Cold" Steve Austin
96%
No Disqualification Sycho Sid
96%
No Disqualification The Undertaker
96%
Tag team The British Bulldog
91%
Singles Hunter Hearst Helmsley
87%
Singles Goldust
83%
Four-Way Elimination Henry O. Godwinn
83%
Four-Way Elimination Mosh
83%
Four-Way Elimination Phineas I. Godwinn
83%
Four-Way Elimination Thrasher
83%
Tag team Vader
83%
Chicago Street Fight Crush
78%
Chicago Street Fight Savio Vega
78%
Singles The Sultan
78%
Four-Way Elimination Blackjack Bradshaw
65%
Four-Way Elimination Doug Furnas
65%
Four-Way Elimination Phil LaFon
65%
Singles Billy Gunn
57%
Four-Way Elimination Blackjack Windham
57%
Singles Flash Funk
39%
No matching quizzes found
Score Distribution
Percent of People with Each Score
Percentile by Number Answered
Your Score History
You have not taken this quiz